| 000 | 00402nam a2200181Ia 4500 | ||
|---|---|---|---|
| 003 | 0STCL | ||
| 008 | 150530s9999 xx 000 0 und d | ||
| 040 |
_aSTCL _cSTCL |
||
| 100 | _aBalakrishnan, C.V. | ||
| 245 | _aAayusinte Pusthakam | ||
| 250 | _a6 | ||
| 260 |
_bDC Books; Kottayam _c2000 |
||
| 300 | _a0 | ||
| 546 | _aMalayalam | ||
| 942 |
_2ddc _cBK |
||
| 999 |
_c75629 _d75629 |
||
| 005 | 20220125171611.0 | ||